A multinacionális vállalatok terjeszkedése és annak hatása Magyarországon
Elmentve itt :
| Szerző: | |
|---|---|
| További közreműködők: | |
| Dokumentumtípus: | Szakdolgozat |
| Megjelent: |
2000
|
| Tárgyszavak: | |
| Online Access: | http://diploma.bibl.u-szeged.hu/36660 |
| LEADER | 00576nta a2200157 i 4500 | ||
|---|---|---|---|
| 001 | dipl36660 | ||
| 005 | 20130314100150.0 | ||
| 008 | 120220s2000 hu om 0|| zxx d | ||
| 040 | |a SZTE Diploma Repozitórium |b hun | ||
| 041 | |a zxx | ||
| 100 | 1 | |a Jarabin Edina | |
| 245 | 1 | 2 | |a A multinacionális vállalatok terjeszkedése és annak hatása Magyarországon |h [elektronikus dokumentum] / |c Edina Jarabin |
| 260 | |c 2000 | ||
| 650 | 4 | |a Gazdaságtudományok | |
| 700 | 1 | |a Mészáros Klára |e ths | |
| 856 | 4 | 0 | |u http://diploma.bibl.u-szeged.hu/id/eprint/36660/1/2000_jarabin_edina.pdf |z Dokumentum-elérés |